000 00248nam a22001217a 4500
008 170601b xxu||||| |||| 00| 0 eng d
041 _aeng
080 _a17
100 _a17
101 _aSHH
245 _aCOLD WAR
_cLEWIS.J
942 _2udc
_cBK
999 _c15373
_d15373